|
|
|
|
| LEADER |
00968nam a2200229 a 4500 |
| 001 |
GR-Patra16187 |
| 008 |
030925s2000 gr e 000 0 gre d |
| 020 |
|
|
|a 9608523761
|
| 040 |
|
|
|a GrPaTEI
|b gre
|c GR-PaULI
|
| 040 |
|
|
|a GrPaTEI
|b gre
|c GR-PaULI
|
| 082 |
|
0 |
|a 657
|2 21
|
| 100 |
1 |
|
|a Παπαδημητρόπουλος, Αγγελος Θ.
|
| 245 |
1 |
0 |
|a Λογιστική /
|c Άγγελος Θεοδοσίου Παπαδημητρόπουλος.
|
| 260 |
|
|
|a Αθήνα :
|b Εκδόσεις Ε.Α. Αναστασίου,
|c 2000
|
| 300 |
|
|
|a 421σ.
|
| 504 |
|
|
|a Βιβλιογραφία: σ.413-421
|
| 650 |
|
4 |
|a Λογιστική
|
| 710 |
0 |
|
|a Εκδόσεις Ε.Α. Αναστασίου
|
| 942 |
|
|
|2 ddc
|
| 952 |
|
|
|0 0
|1 0
|2 ddc
|4 0
|6 657_000000000000000_ΠΑΠ
|7 0
|9 295468
|a LISK
|b LISK
|c BSC
|d 2021-01-17
|e 24
|f 0
|g 0.00
|l 0
|o 657 ΠΑΠ
|p 92410018188
|r 2021-01-17 00:00:00
|t 1
|w 2021-01-17
|y BK15
|x 20030925 0 1
|x GrPaTEI
|
| 971 |
|
|
|a .b26637029
|b 16-04-20
|c 23-09-16
|
| 999 |
|
|
|c 172458
|d 172458
|